000 00227nmm a2200085Ia 4500
008 220120s9999||||xx |||||||||||||||||und||
100 _aDigit
245 0 _aFifa 12, VMware player, nero multimedia suite 10
260 _aNine dot Nine
999 _c139939
_d139939